All 50k+ cities in New York on a map - Statistics

General Stats
  • This quiz has been taken 502 times
  • The average score is 10 of 18
Answers on the Map
Answers color-coded by a green-red scale on the quiz's map according to % correct below.
 
Answer Stats
Hint Answer % Correct
8,467,513 New York City
98%
276,807 Buffalo
97%
98,617 Albany
96%
210,606 Rochester
93%
146,103 Syracuse
91%
209,530 Yonkers
89%
64,501 Utica
73%
66,990 Schenectady
63%
81,587 New Rochelle
61%
50,394 Troy
55%
59,526 White Plains
54%
72,581 Mount Vernon
52%
58,734 Hempstead
49%
76,300 Cheektowaga
20%
50,548 Irondequoit
19%
51,700 Levittown
13%
62,600 Brentwood
12%
57,300 Tonawanda Town
4%
No matching quizzes found
Score Distribution
Percent of People with Each Score
Percentile by Number Answered
Your Score History
You have not taken this quiz